Impact of quality and safety testing & certificate of industrial electronic products on export (Record no. 501571)

000 -LEADER
fixed length control field 00520cam a22001457a 4500
008 - FIXED-LENGTH DATA ELEMENTS--GENERAL INFORMATION
fixed length control field 180718b1992 xxu||||| |||| 00| 0 eng d
082 ## - DEWEY DECIMAL CLASSIFICATION NUMBER
Classification number APPPA 91-92 SIN
100 ## - MAIN ENTRY--PERSONAL NAME
Personal name Singh, D.V.
245 ## - TITLE STATEMENT
Title Impact of quality and safety testing & certificate of industrial electronic products on export
Statement of responsibility, etc. by D.V. Singh
260 ## - PUBLICATION, DISTRIBUTION, ETC.
Place of publication, distribution, etc. New Delhi
Name of publisher, distributor, etc. Indian Institute of Public Administration
Date of publication, distribution, etc. 1992
300 ## - PHYSICAL DESCRIPTION
Extent 100+p.
650 ## - SUBJECT ADDED ENTRY--TOPICAL TERM
Topical term or geographic name entry element Electronic export
650 ## - SUBJECT ADDED ENTRY--TOPICAL TERM
Topical term or geographic name entry element Certification-electronic products
650 ## - SUBJECT ADDED ENTRY--TOPICAL TERM
Topical term or geographic name entry element Quality and safety testing
Holdings
Withdrawn status Lost status Damaged status Not for loan Permanent Location Current Location Date acquired Full call number Barcode Date last seen Price effective from Koha item type
        Indian Institute of Public Administration Indian Institute of Public Administration 2018-08-04 APPPA 91-92 SIN GR12583 2018-08-04 2018-08-04 GR

Powered by Koha